000 00877nam a2200277Ia 4500
003 OSt
005 20221005062037.0
006 a|||||r|||| 00| 0
007 ta
008 221004b |||||||| |||| 00| 0 eng d
020 _a9780415583954 (hbk)
_cUKP 150.00
024 _a29541
037 _bBBS/85, 08/03/2017, Better Book Service
_cTextual
040 _aCRL
_cCRL
_beng
041 _2eng
_aeng
082 _aY7, Q7
100 _aColeman Simon Ed.
245 0 _aRoutledge companion to contemporary anthropology
260 _aLondon
_bRoutledge UK
_c2017
300 _axv,529p.
_ccm.
650 _aANTHROPOLOGY
700 _a Hyatt Susan B. Ed.
700 _a Kingsolver Ann Ed.
_9466950
942 _hY7, Q7
_cTEXL
_2cc
999 _c969129
_d969129